[Event "Dresden Vdes op"]
[Site "Dresden"]
[Date "2000.01.28"]
[Round "5"]
[White "Zapf, Simon"]
[Black "Materna, Edmund"]
[Result "0-1"]
[WhiteElo "1581"]
[BlackElo "1470"]
[PlyCount "114"]
[EventDate "2000.01.26"]
[EventType "swiss"]
[EventRounds "7"]
[EventCountry "GER"]
[SourceTitle "EXT 2001"]
[Source "ChessBase"]
[SourceDate "2000.11.22"]
[SourceVersion "1"]
[SourceVersionDate "2000.11.22"]
[SourceQuality "1"]

1. e4 e5 2. Nf3 Nc6 3. Bc4 h6 4. 0-0 Bc5 5. c3 a6 6. d4 exd4 7. cxd4 Bb6 8. Nc3 Nce7 9. Qb3 d5 10. exd5 Nf5 11. Re1+ Nge7 12. Ne4 Nd6 13. Ne5 0-0 14. Qg3 Nef5 15. Qd3 Nxe4 16. Rxe4 Nd6 17. Rh4 Qxh4 18. Be3 Bf5 19. Qc3 Rae8 20. Bb3 Re7 21. Ba4 f6 22. Nf3 Qg4 23. h3 Qe4 24. Qb3 Bxh3 25. Kh2 Bg4 26. Nd2 Qg6 27. Nc4 Nxc4 28. Qxc4 Kh8 29. Qb4 Qf7 30. d6 Re4 31. dxc7 Bxc7+ 32. Kg1 b5 33. Bc2 Qe7 34. Bd2 Bd6 35. Qc3 Rc8 36. Qd3 Bf5 37. Qb3 Rxc2 38. Qxc2 Re1+ 39. Rxe1 Bxc2 40. Rxe7 Bxe7 41. a3 Bb3 42. Kf1 Kg8 43. Ke2 f5 44. Ke3 Bg5+ 45. Kd3 Bxd2 46. Kxd2 a5 47. Kc3 a4 48. Kb4 Bc4 49. Kc5 Kf7 50. d5 Ke7 51. d6+ Kd7 52. f4 g5 53. fxg5 hxg5 54. g3 f4 55. gxf4 gxf4 56. Kd4 f3 57. Ke3 Be2 0-1